000 00423nam a2200157Ia 4500
008 090124s9999 xx 000 0 und d
082 _b24520
245 _a जय हिंद
250 _a0
260 _bव्यवस्थापक ट्रस्टी
_c1986
300 _a174
630 _a जय हिंद
700 _aसुमंत यशवंत
730 _a जय हिंद
942 _cBOOK
999 _c92981
_d92981